00580nam a2200193Ii 450000100060000000300090000600800410001502000150005604000330007104100080010408200150011210000160012724500970014326400530024030000120029333600260030533700280033133800270035914038CO-ViMGA241108s9999||||xx |||||||||||||| ||und|| a9582807822 aCO-ViMGAbspaerdacCO-ViMGA0 aspa04a391.6 N34i1 aDiana Neira10aImagen de hombres:bdescubra lo mejor de usted, sáquele provecho y siéntase siempre bien 1aBogotá, Colombia : Círculo de Lectores, 1995 avolumen atextbtxt2rdacontent aunmediatedbn2rdamedia avolumebnc2rdacarrier